Vista normal
Vista MARC
Entrada Personal Name
Número de registros utilizados en: 1
001 - CONTROL NUMBER
- control field: 17787
003 - CONTROL NUMBER IDENTIFIER
- control field: DLC
005 - DATE AND TIME OF LATEST TRANSACTION
- control field: 20260122112416.0
008 - FIXED-LENGTH DATA ELEMENTS
- fixed length control field: 090526n| azannaabn a aaa c
010 ## - LIBRARY OF CONGRESS CONTROL NUMBER
- LC control number: no2009080640
035 ## - SYSTEM CONTROL NUMBER
- System control number: (OCoLC)oca08120152
040 ## - CATALOGING SOURCE
- Original cataloging agency: MX-MxITA
- Language of cataloging: spa
- Description conventions: rda
- Transcribing agency: Mx-PuUPA
- Modifying agency: MoSU
- Modifying agency: Mx-PuUPA
046 ## - SPECIAL CODED DATES
- Birth date: 19040411
- Death date: 19810421
- Source of date scheme: edtf
100 1# - HEADING--PERSONAL NAME
- Personal name: Lopetegui, León,
- Dates associated with a name: 1904-1981
370 ## - ASSOCIATED PLACE
- Place of birth: Azpeitia (España)
- Place of death: Bilbao (España)
- Associated country: España
- Other associated place: Oña (España)
- Source of term: naf
373 ## - ASSOCIATED GROUP
- Associated group: Jesuitas
- Source of term: naf
373 ## - ASSOCIATED GROUP
- Associated group: Colegio Máximo S.I. de Oña. Facultad de Teología
- Source of term: naf
374 ## - OCCUPATION
- Occupation: Historiador de la iglesia
- Occupation: Autor
- Source of term: lcsh
375 ## - GENDER
- Gender: hombre
377 ## - ASSOCIATED LANGUAGE
- Language code: spa
400 1# - SEE FROM TRACING--PERSONAL NAME
- Personal name: Lopetegui Otegui, León,
- Dates associated with a name: 1904-1981
400 1# - SEE FROM TRACING--PERSONAL NAME
- Personal name: Otegui, León Lopetegui,
- Dates associated with a name: 1904-1981
670 ## - SOURCE DATA FOUND
- Source citation: Historia de la iglesia en la América Española, 1965:
- Information found: title page (por León Lopetegui, S.I., profesor de historia eclesiástica en la Facultad teológica de Oña)
670 ## - SOURCE DATA FOUND
- Source citation: LC database, February 5, 2008
- Information found: (hdg.: Lopetegui, León, 1904- )
670 ## - SOURCE DATA FOUND
- Source citation: db~e, Diccionario biográfico español, viewed online on July 31, 2018
- Information found: (Lopetegui Otegui, León; born April 11, 1904, in Azpeitia (Guipúzcoa); died April 21, 1981, in Bilbao (Vizcaya); Spanish Jesuit and historian; studied at the Pontificia Università gregoriana; taught church history at the faculties of San Cugat (Barcelona) and at Oña; collaborator on Historia de la iglesia en la América Española)
- Uniform Resource Identifier: http://dbe.rah.es/biografias/20540/leon-lopetegui-otegui